| 000 | 00411nam a2200145Ia 4500 | ||
|---|---|---|---|
| 008 | 230917s9999||||xx |||||||||||||| ||und|| | ||
| 040 |
_e108173 _aMAIN |
||
| 041 | _aEnglish | ||
| 082 | _a658.8 E27M | ||
| 100 | _aEpstein, T. Scarlett | ||
| 245 | 2 | _aA manual for culturally - adapted social marketing: health and population | |
| 260 |
_aNew Delhi _bSage Publications _c2000 |
||
| 300 | _a181p p. | ||
| 942 | _cBK | ||
| 999 |
_c119631 _d119631 |
||